000
00246nam a2200097Ia 4500
001
712041
005
20250826162820.0
008
250824s9999 xx 000 0 und d
245
0
_a
İMPARATOR ÇAY BAHÇESİ
_c
NAZLI ERAY
260
_b
EVEREST YAYINLARI
999
_c
712041
_d
712041